Designing the Global Marketing Mix in the Company bakalárska práca

Na minha lista:
Detalhes bibliográficos
Autor principal: Horváthová, Paula
Autor Corporativo: Fakulta podnikového manažmentu EU. Katedra manažmentu
Outros Autores: Procházková, Katarína, 1983-
Formato: Livro
Idioma:inglês
Publicado em: Bratislava 2021
Tags: Adicionar Tag
Sem tags, seja o primeiro a adicionar uma tag!

MARC

LEADER 00000nbm a2200000 4500
001 0278203
005 20211108114638.0
041 0 |a eng 
044 |a SK 
245 1 0 |a Designing the Global Marketing Mix in the Company  |b bakalárska práca  |c Paula Horváthová ; školiteľ: Katarína Procházková 
264 1 |a Bratislava  |c 2021 
300 |a 63 s. 
100 1 |a Horváthová, Paula 
700 1 |a Procházková, Katarína, 1983- 
710 2 |a Fakulta podnikového manažmentu EU. Katedra manažmentu